| 000 | 00401nam a22001697a 4500 | ||
|---|---|---|---|
| 999 |
_c533199 _d533199 |
||
| 003 | NUST | ||
| 005 | 20191216104729.0 | ||
| 008 | 131127t xxu||||| |||| 00| 0 eng d | ||
| 038 | _aMSOHAIL | ||
| 082 | _a541.3 MEE | ||
| 100 |
_a A.J.Memeem _926982 |
||
| 245 | _aPhysical Chemistry | ||
| 260 |
_aLondon _bE.L.B.S _cc1964 |
||
| 300 | _a719 p. | ||
| 700 |
_qGordon M Barrow _926983 |
||
| 942 |
_2ddc _cBK |
||